Quels pays et mers, rivières et lacs bordent Israël - Statistiques

Statistiques générales
  • Ce quiz a été pris 43 fois
  • Le résultat moyen est 4 sur 10
Statistiques - réponses
Hint Réponse % Correct
Jordan
89%
Pays Liban
84%
Syrie
76%
Egypte
71%
Mer Morte
61%
Rivière Jourdain
55%
Méditerranéen
5%
Golfe d'Aqaba
0%
G Galilée
0%
Jarmouk
0%
Aucun quiz correspondant
Distribution des résultats
% des personnes avec chaque résultat
Percentile par nombre de réponses
Votre historique - résultats
Vous n’avez pas pris ce quiz